| 000 | 00765nam a2200253Ia 4500 | ||
|---|---|---|---|
| 003 | OSt | ||
| 005 | 20221005034649.0 | ||
| 006 | a|||||r|||| 00| 0 | ||
| 007 | ta | ||
| 008 | 221004b |||||||| |||| 00| 0 urd d | ||
| 020 |
_a9789350732779 (hb) _cINR 300.00 |
||
| 024 | _a42861 | ||
| 037 |
_b2137, 16/03/2019, M.R.Publications _cTextual |
||
| 040 |
_aCRL _cCRL _burd |
||
| 041 |
_2urd _aurd |
||
| 082 | _aO168,3:g, Q4 | ||
| 100 | _aJafar Sayeda Au. | ||
| 245 | 0 | _aTanqeed, ehtesab aur tajzia | |
| 260 |
_aDelhi _bEducational publishing house India _c2014 |
||
| 300 |
_a272p. _ccm. |
||
| 650 |
_aURDU FICTION _93298 |
||
| 942 |
_hO168,3:g, Q4 _cTEXL _2cc |
||
| 999 |
_c943847 _d943847 |
||